Chemical deference in termites - ecological aspects (Registro nro. 11071)

Detalles MARC
000 -CABECERA
Campo de control 006690000a22002290004500
090 ## - CLASIFICACIÓN LOCAL
Colección AR
Consecutivo 01994
041 0# - IDIOMA
Código de idioma para texto/pista de sonido o título separado
100 1# - ASIENTO PRINCIPAL--NOMBRE PERSONAL
Nombre personal Coles de Negret, H. R.
245 10 - MENCION DE TITULO
Título Chemical deference in termites - ecological aspects
650 14 - ASIENTO SECUNDARIO DE MATERIA - TERMINO TEMATICO
Término temático o nombre geográfico como elemento de entrada Ecología
650 14 - ASIENTO SECUNDARIO DE MATERIA - TERMINO TEMATICO
Término temático o nombre geográfico como elemento de entrada Hormigas
650 14 - ASIENTO SECUNDARIO DE MATERIA - TERMINO TEMATICO
Término temático o nombre geográfico como elemento de entrada Fisiología animal
650 14 - ASIENTO SECUNDARIO DE MATERIA - TERMINO TEMATICO
Término temático o nombre geográfico como elemento de entrada Entomología
650 14 - ASIENTO SECUNDARIO DE MATERIA - TERMINO TEMATICO
Término temático o nombre geográfico como elemento de entrada Etología
651 #4 - ASIENTO SECUNDARIO DE MATERIA - NOMBRE GEOGRAFICO
-- Brasil
653 ## - TERMINO DE INDIZACION - NO CONTROLADO
-- Syntermes
653 ## - TERMINO DE INDIZACION - NO CONTROLADO
-- Armitermes
-- Armitermes euamignathus
653 ## - TERMINO DE INDIZACION - NO CONTROLADO
-- Termes
-- Termes bolivianus
700 1# - ASIENTO SECUNDARIO - NOMBRE PERSONAL
Nombre personal Howse, P. E.
773 1# - Item fuente:
Título Social Infect in the Tropics
Especificación de materiales 670
Paginas del Articulo 21-29
Lugar, editorial y fecha de publicación 1983
Información sobre la relación 2
942 ## - ELEMENTOS ADICIONALES (KOHA)
Tipo de ítem Artículo
Existencias
Withdrawn status Lost status Damaged status No para préstamo Colección Ubicación Permanente Ubicación actual Fecha de adquisición Datos de publicación Seriada Total Checkouts Número topográfico Inventario / Código de Barras Date last seen Ejemplar Price effective from Forma de adquisición Tipo de material
      No para Préstamo Hemeroteca Bogotá Bogotá 27/02/2015 Fuera de circulación   AR 01994 012368 25/03/2015 1 25/03/2015   Artículo